[Event "HUN-chT2 Barcza 1617"]
[Site "Hungary"]
[Date "2017.03.12"]
[Round "10.11"]
[White "Bodnar, Mate"]
[Black "Toth, Laszlo"]
[Result "1/2-1/2"]
[WhiteElo "1562"]
[BlackElo "1829"]
[PlyCount "24"]
[EventDate "2016.09.25"]
[EventType "team-tourn"]
[EventRounds "11"]
[EventCountry "HUN"]
[SourceTitle "EXT 2021"]
[Source "ChessBase"]
[SourceDate "2020.10.23"]
[SourceVersion "1"]
[SourceVersionDate "2020.10.23"]
[SourceQuality "1"]
[WhiteTeam "Debrecen Sakkbaratok"]
[BlackTeam "Mezokovesd"]
[WhiteTeamCountry "HUN"]
[BlackTeamCountry "HUN"]

1. e4 c5 2. Nf3 e6 3. d4 cxd4 4. Nxd4 Nc6 5. Nc3 a6 6. Be3 Nf6 7. f3 g6 8. Qd2 h5 9. Bg5 Be7 10. Nxc6 dxc6 11. Qxd8+ Bxd8 12. 0-0-0 Be7 1/2-1/2

[Event "HUN-chT4 1617"]
[Site "Hungary"]
[Date "2017.02.19"]
[Round "5.3"]
[White "Toth, Laszlo"]
[Black "Erky, Tamas"]
[Result "1/2-1/2"]
[WhiteElo "1700"]
[BlackElo "1774"]
[PlyCount "41"]
[EventDate "2016.10.02"]
[EventType "team-tourn"]
[EventRounds "7"]
[EventCountry "HUN"]
[SourceTitle "EXT 2019"]
[Source "ChessBase"]
[SourceDate "2018.10.10"]
[SourceVersion "1"]
[SourceVersionDate "2018.10.10"]
[SourceQuality "1"]

1. d4 Nf6 2. c4 e6 3. Nc3 d5 4. Bg5 Be7 5. e3 0-0 6. Nf3 Nbd7 7. Rc1 h6 8. Bh4 b6 9. Be2 Bb7 10. 0-0 c5 11. Bd3 Rc8 12. cxd5 Nxd5 13. Bxe7 Qxe7 14. Nxd5 Bxd5 15. b3 cxd4 16. Nxd4 Nf6 17. Qe2 Rfd8 18. Ba6 Bb7 19. Bxb7 Qxb7 20. h3 Nd5 21. Qf3 1/2-1/2

[Event "HUN-chT4 Chalupetzky 1516"]
[Site "Fertoszentmiklos"]
[Date "2016.01.17"]
[Round "4.6"]
[White "Nagy, Istvan"]
[Black "Toth, Laszlo"]
[Result "1-0"]
[WhiteElo "1792"]
[BlackElo "1706"]
[PlyCount "107"]
[EventDate "2015.10.11"]
[EventType "team-tourn"]
[EventRounds "7"]
[EventCountry "HUN"]
[SourceTitle "EXT 2017"]
[Source "ChessBase"]
[SourceDate "2016.10.25"]
[SourceVersion "1"]
[SourceVersionDate "2016.10.25"]
[SourceQuality "1"]
[WhiteTeam "Fertoszentmiklos"]
[BlackTeam "Lovo II"]
[WhiteTeamCountry "HUN"]
[BlackTeamCountry "HUN"]

1. e4 c5 2. Nf3 Nc6 3. d4 cxd4 4. Nxd4 g6 5. c3 Bg7 6. Be3 d6 7. Bb5 Bd7 8. 0-0 a6 9. Nxc6 bxc6 10. Ba4 Nf6 11. Nd2 Ng4 12. Bxc6 Nxe3 13. Bxd7+ Qxd7 14. fxe3 0-0 15. Nb3 a5 16. Qd3 a4 17. Nd4 Rab8 18. Rf2 Rb7 19. Raf1 e6 20. Rd2 Rfb8 21. Rff2 Qe7 22. Nc6 Qg5 23. Nxb8 Rxb8 24. Rf3 Be5 25. g3 h5 26. Qf1 Rb7 27. Rdf2 f6 28. Qh3 Kf7 29. Qh4 Qxh4 30. gxh4 Rc7 31. Kf1 Rc4 32. Ke2 Rxe4 33. Rh3 f5 34. Kd3 d5 35. b4 axb3 36. axb3 Ke7 37. Ra2 Bf6 38. Ra4 Rg4 39. Rxg4 hxg4 40. Rg3 Bxh4 41. Rg2 Bf6 42. c4 dxc4+ 43. bxc4 Kd6 44. Ra2 Be5 45. Ra6+ Ke7 46. Ra7+ Kf6 47. Rh7 g3 48. hxg3 Bxg3 49. c5 g5 50. c6 Be5 51. c7 Bxc7 52. Rxc7 f4 53. exf4 gxf4 54. Rc5 1-0

[Event "HUN-chT2 Szechenyi 1516"]
[Site "Hungary"]
[Date "2015.10.18"]
[Round "3.8"]
[White "Toth, Laszlo"]
[Black "Erky, Tamas"]
[Result "0-1"]
[WhiteElo "1737"]
[BlackElo "1693"]
[PlyCount "88"]
[EventDate "2015.09.13"]
[EventType "team-tourn"]
[EventRounds "11"]
[EventCountry "HUN"]
[SourceTitle "CBM 170 Extra"]
[Source "ChessBase"]
[SourceDate "2016.02.25"]
[SourceVersion "1"]
[SourceVersionDate "2016.02.25"]
[SourceQuality "1"]
[WhiteTeam "Zala Volan"]
[BlackTeam "Szechenyi ESE"]
[WhiteTeamCountry "HUN"]
[BlackTeamCountry "HUN"]

1. e4 e6 2. c4 d5 3. cxd5 exd5 4. Qa4+ c6 5. e5 Qc7 6. d4 Bf5 7. Nf3 Nd7 8. Qd1 Bb4+ 9. Bd2 Bxd2+ 10. Qxd2 Ne7 11. Nc3 0-0 12. Rc1 Qb6 13. Na4 Qd8 14. Be2 Ng6 15. h4 Re8 16. h5 Ngf8 17. Qf4 g6 18. g4 Ne6 19. Qh6 Be4 20. hxg6 Bxg6 21. Nh4 Qg5 22. Qxg5 Nxg5 23. f4 Be4 24. Rh2 Ne6 25. f5 Nxd4 26. Nc3 Rxe5 27. Nxe4 Rxe4 28. Kd2 Rxe2+ 29. Rxe2 Nxe2 30. Kxe2 Re8+ 31. Kf2 Nf6 32. Kf3 Re4 33. Rg1 d4 34. g5 Re3+ 35. Kg2 Ne4 36. Nf3 Re2+ 37. Kf1 Rxb2 38. g6 Rb1+ 39. Ne1 d3 40. gxh7+ Kxh7 41. Rg4 d2 42. Rxe4 Rxe1+ 43. Rxe1 dxe1Q+ 44. Kxe1 Kg7 0-1

[Event "HUN-chT2 Szechenyi 1516"]
[Site "Hungary"]
[Date "2015.09.13"]
[Round "1.9"]
[White "Toth, Laszlo"]
[Black "Barasits, Balint"]
[Result "1-0"]
[WhiteElo "1726"]
[BlackElo "1717"]
[PlyCount "73"]
[EventDate "2015.09.13"]
[EventType "team-tourn"]
[EventRounds "11"]
[EventCountry "HUN"]
[SourceTitle "CBM 170 Extra"]
[Source "ChessBase"]
[SourceDate "2016.02.25"]
[SourceVersion "1"]
[SourceVersionDate "2016.02.25"]
[SourceQuality "1"]
[WhiteTeam "Zala Volan"]
[BlackTeam "Arboretum"]
[WhiteTeamCountry "HUN"]
[BlackTeamCountry "HUN"]

1. e4 e5 2. Nf3 Nf6 3. Nc3 Bb4 4. d3 Nc6 5. Bd2 0-0 6. a3 Bc5 7. Na4 Be7 8. c4 a5 9. Nc3 d6 10. Nd5 Nd4 11. Nxe7+ Qxe7 12. Nxd4 exd4 13. Be2 Nd7 14. f4 f5 15. exf5 Nc5 16. 0-0 Bxf5 17. Re1 Qf6 18. Bxa5 Rxa5 19. b4 Ra6 20. bxc5 dxc5 21. Bf3 c6 22. Re5 Bd7 23. g3 b6 24. Qe2 Qd8 25. Be4 Re8 26. Rxe8+ Qxe8 27. g4 b5 28. f5 bxc4 29. dxc4 Qd8 30. Qf3 Qf6 31. Rf1 g6 32. Rb1 Kf7 33. Rb7 Ke7 34. Qg3 gxf5 35. Bxf5 Ra8 36. Rxd7+ Kf8 37. Qc7 1-0

[Event "HUN-chT4a 1415"]
[Site "Hungary"]
[Date "2015.02.22"]
[Round "5.2"]
[White "Villanyi, Laszlo"]
[Black "Toth, Laszlo"]
[Result "0-1"]
[WhiteElo "1805"]
[BlackElo "1740"]
[PlyCount "52"]
[EventDate "2014.10.19"]
[EventType "team-tourn"]
[EventRounds "7"]
[EventCountry "HUN"]
[SourceTitle "EXT 2016"]
[Source "ChessBase"]
[SourceDate "2015.10.08"]
[SourceVersion "1"]
[SourceVersionDate "2015.10.08"]
[SourceQuality "1"]

1. e4 c5 2. Nf3 Nc6 3. d4 cxd4 4. Nxd4 g6 5. c4 Bg7 6. Be3 d6 7. Qd2 Nf6 8. f3 Bd7 9. Nc3 a6 10. Be2 Rc8 11. Nxc6 Bxc6 12. Bh6 0-0 13. h4 Nh5 14. Bxg7 Kxg7 15. Qd4+ Kg8 16. g4 Ng3 17. Rh3 Nxe2 18. Kxe2 b5 19. Rd1 Qa5 20. a3 b4 21. Nd5 Bxd5 22. axb4 Bxc4+ 23. Qxc4 Qa4 24. b3 Rxc4 25. bxa4 Rxb4 26. a5 Rc8 0-1

[Event "HUN-chT4a 1415"]
[Site "Hungary"]
[Date "2014.10.19"]
[Round "1.3"]
[White "Toth, Laszlo"]
[Black "Erky, Tamas"]
[Result "0-1"]
[WhiteElo "1740"]
[BlackElo "1624"]
[PlyCount "126"]
[EventDate "2014.10.19"]
[EventType "team-tourn"]
[EventRounds "7"]
[EventCountry "HUN"]
[SourceTitle "EXT 2016"]
[Source "ChessBase"]
[SourceDate "2015.10.08"]
[SourceVersion "1"]
[SourceVersionDate "2015.10.08"]
[SourceQuality "1"]

1. d4 Nf6 2. c4 e6 3. Nc3 d5 4. Bg5 Be7 5. e3 h6 6. Bh4 0-0 7. Rc1 c6 8. Qc2 Nbd7 9. Nf3 Re8 10. Be2 dxc4 11. Bxc4 Nd5 12. Bxe7 Qxe7 13. 0-0 N7b6 14. Bb3 Nxc3 15. Qxc3 Nd5 16. Qd2 Bd7 17. a3 Rac8 18. Ne5 f6 19. Nxd7 Qxd7 20. Qa5 a6 21. Rfd1 Kh8 22. g3 Rcd8 23. Qd2 Qd6 24. Ba2 e5 25. dxe5 Qxe5 26. Qd4 Qh5 27. g4 Qg5 28. Bxd5 Rxd5 29. Qb4 Red8 30. Rxd5 Rxd5 31. h3 h5 32. Rc4 Rd1+ 33. Kg2 h4 34. Rf4 Qd5+ 35. e4 Qd6 36. Qxd6 Rxd6 37. Rf3 Rd2 38. b3 Re2 39. Re3 Rxe3 40. fxe3 g5 41. Kf3 Kg7 42. Ke2 Kf7 43. e5 fxe5 44. Kd3 Ke6 45. Kc4 Kd6 46. a4 b5+ 47. Kb4 c5+ 48. Kc3 e4 49. a5 Kd5 50. b4 cxb4+ 51. Kxb4 Kc6 52. Kc3 Kc5 53. Kb3 b4 54. Ka4 b3 55. Kxb3 Kb5 56. Kc3 Kxa5 57. Kc4 Kb6 58. Kd5 a5 59. Kc4 Kc6 60. Kd4 a4 61. Kc4 a3 62. Kb3 Kc5 63. Kxa3 Kc4 0-1

[Event "HUN-chT2 Toth 1415"]
[Site "Hungary"]
[Date "2014.10.12"]
[Round "3.10"]
[White "Patko, Lajos"]
[Black "Toth, Laszlo"]
[Result "1/2-1/2"]
[WhiteElo "1776"]
[BlackElo "1476"]
[PlyCount "104"]
[EventDate "2014.09.07"]
[EventType "team-tourn"]
[EventRounds "11"]
[EventCountry "HUN"]
[SourceTitle "EXT 2016"]
[Source "ChessBase"]
[SourceDate "2015.10.08"]
[SourceVersion "1"]
[SourceVersionDate "2015.10.08"]
[SourceQuality "1"]
[WhiteTeam "Szentes"]
[BlackTeam "Felegyhaza Csongrad"]
[WhiteTeamCountry "HUN"]
[BlackTeamCountry "HUN"]

1. e4 c5 2. Nf3 Nc6 3. d4 cxd4 4. Nxd4 e5 5. Nxc6 bxc6 6. c4 Bb4+ 7. Bd2 Bxd2+ 8. Qxd2 Qe7 9. Nc3 Nf6 10. Be2 0-0 11. 0-0 Rd8 12. Rfd1 Bb7 13. Bf3 d6 14. b3 Rd7 15. Qe3 Ba6 16. Rd2 Rad8 17. Rad1 Bc8 18. h3 h6 19. Ne2 h5 20. Ng3 g6 21. Qg5 Ne8 22. Qe3 Nf6 23. Qg5 Ne8 24. Qe3 Nf6 25. Ne2 Nh7 26. g3 Qg5 27. Qxg5 Nxg5 28. Bg2 Kf8 29. h4 Ne6 30. Bh3 Ke7 31. f3 Rc7 32. Kf2 Ng7 33. Bxc8 Rcxc8 34. Ke3 f5 35. f4 a6 36. fxe5 dxe5 37. Rxd8 Rxd8 38. Rxd8 Kxd8 39. exf5 gxf5 40. Nc1 Kd7 41. Nd3 Kd6 42. c5+ Kd5 43. Nb4+ Kxc5 44. Nxa6+ Kb6 45. Nb4 Ne6 46. Nd3 e4 47. Ne5 Kb5 48. a3 c5 49. Nc4 Kc6 50. a4 Nd4 51. Nd2 Nc2+ 52. Kf4 Nd4 1/2-1/2

[Event "Level op 2nd"]
[Site "Level"]
[Date "2014.03.29"]
[Round "5"]
[White "Kovacs, Marton"]
[Black "Toth, Laszlo"]
[Result "1-0"]
[WhiteElo "2170"]
[BlackElo "1780"]
[PlyCount "91"]
[EventDate "2014.03.28"]
[EventType "swiss"]
[EventRounds "7"]
[EventCountry "HUN"]
[SourceTitle "EXT 2020"]
[Source "ChessBase"]
[SourceDate "2019.10.17"]
[SourceVersion "1"]
[SourceVersionDate "2019.10.17"]
[SourceQuality "1"]

1. d4 d5 2. c4 e6 3. Nc3 c6 4. Nf3 Nf6 5. e3 Be7 6. Qc2 Nbd7 7. b3 h6 8. Bb2 0-0 9. Bd3 Re8 10. 0-0 b6 11. e4 dxe4 12. Nxe4 Nxe4 13. Bxe4 Bb7 14. Rad1 Qc8 15. c5 Bf6 16. b4 bxc5 17. dxc5 Bxb2 18. Qxb2 Nf6 19. Bb1 a5 20. a3 Ba6 21. Rfe1 Bc4 22. Ne5 Bd5 23. Rd4 Rb8 24. Qc2 axb4 25. axb4 Qc7 26. Ng4 Nxg4 27. Qh7+ Kf8 28. Rxg4 Ke7 29. g3 Rg8 30. Rxg7 Rxg7 31. Qxg7 Qd8 32. Qxh6 Qh8 33. Qxh8 Rxh8 34. Be4 Rb8 35. Bxd5 cxd5 36. Rb1 Kd7 37. Kf1 e5 38. Ke2 Kc6 39. h4 f5 40. Kd3 Ra8 41. h5 Rh8 42. b5+ Kxc5 43. b6 Rb8 44. b7 d4 45. h6 e4+ 46. Kd2 1-0

[Event "HUN-chT4 1314"]
[Site "Hungary"]
[Date "2014.03.16"]
[Round "8.2"]
[White "Toth, Laszlo"]
[Black "Erky, Tamas"]
[Result "1/2-1/2"]
[WhiteElo "1780"]
[BlackElo "1580"]
[PlyCount "55"]
[EventDate "2013.10.13"]
[EventType "team-tourn"]
[EventRounds "11"]
[EventCountry "HUN"]
[SourceTitle "EXT 2016"]
[Source "ChessBase"]
[SourceDate "2015.10.08"]
[SourceVersion "1"]
[SourceVersionDate "2015.10.08"]
[SourceQuality "1"]

1. d4 Nf6 2. c4 e6 3. Nc3 d5 4. Bg5 Be7 5. e3 0-0 6. Nf3 b6 7. Rc1 Bb7 8. Bxf6 Bxf6 9. cxd5 exd5 10. Be2 Nd7 11. 0-0 c6 12. a3 Re8 13. h3 Nf8 14. Nh2 Ne6 15. Ng4 Rc8 16. Nxf6+ Qxf6 17. Bg4 g6 18. Qa4 a6 19. Qb4 b5 20. Qd6 h5 21. Bf3 Rcd8 22. Qg3 h4 23. Qh2 Ng5 24. Bg4 Qd6 25. Qxd6 Rxd6 26. Be2 f5 27. Bd3 Kg7 28. Rfe1 1/2-1/2

[Event "HUN-chT2 Szechenyi 1213"]
[Site "Hungary"]
[Date "2013.01.27"]
[Round "6.8"]
[White "Nemeth, Zsolt"]
[Black "Toth, Laszlo"]
[Result "1-0"]
[WhiteElo "1988"]
[BlackElo "1874"]
[PlyCount "81"]
[EventDate "2012.09.16"]
[EventType "team-tourn"]
[EventRounds "11"]
[EventCountry "HUN"]
[SourceTitle "EXT 2014"]
[Source "ChessBase"]
[SourceDate "2013.11.20"]
[SourceVersion "1"]
[SourceVersionDate "2013.11.20"]
[SourceQuality "1"]
[WhiteTeam "Keszthely"]
[BlackTeam "Zala Volan"]
[WhiteTeamCountry "HUN"]
[BlackTeamCountry "HUN"]

1. e4 e5 2. Nf3 Nc6 3. Nc3 Nf6 4. d4 exd4 5. Nxd4 d6 6. Nxc6 bxc6 7. Bc4 Be7 8. 0-0 0-0 9. Bf4 Rb8 10. Qf3 Be6 11. Bb3 h6 12. Rad1 Bg4 13. Qd3 Bxd1 14. Rxd1 Nh5 15. Be3 c5 16. e5 dxe5 17. Qe2 Qc8 18. Qxh5 Qa6 19. Qxe5 Bd6 20. Qh5 c4 21. Qe2 Qa5 22. Qxc4 Qh5 23. g3 Rb4 24. Qf1 Kh8 25. a3 Rg4 26. Rd5 f5 27. f4 Qg6 28. Ne2 Re8 29. Qf2 Qf6 30. Nd4 Rg6 31. Rxf5 Qe7 32. Bf7 Bc5 33. Bxg6 Rd8 34. c3 Qd6 35. Bf7 Qd7 36. Rd5 Bd6 37. Be6 Qa4 38. Nb5 c6 39. Rxd6 Rxd6 40. Nxd6 Qd1+ 41. Kg2 1-0

[Event "HUN-chT2 Szechenyi 1213"]
[Site "Hungary"]
[Date "2012.12.02"]
[Round "5.9"]
[White "Szalay, Istvan"]
[Black "Toth, Laszlo"]
[Result "0-1"]
[WhiteElo "1510"]
[BlackElo "1874"]
[PlyCount "23"]
[EventDate "2012.09.16"]
[EventType "team-tourn"]
[EventRounds "11"]
[EventCountry "HUN"]
[SourceTitle "EXT 2014"]
[Source "ChessBase"]
[SourceDate "2013.11.20"]
[SourceVersion "1"]
[SourceVersionDate "2013.11.20"]
[SourceQuality "1"]
[WhiteTeam "Arboretum"]
[BlackTeam "Lovo"]
[WhiteTeamCountry "HUN"]
[BlackTeamCountry "HUN"]

1. e4 c5 2. Nf3 Nc6 3. d4 cxd4 4. Nxd4 d6 5. Bb5 Bd7 6. Nc3 g6 7. 0-0 Bg7 8. Nce2 Nf6 9. f3 0-0 10. c3 Nxd4 11. Bxd7 Nxe2+ 12. Qxe2 0-1